000 01864nam a22002537a 4500
003 BJBSDDR
005 20260515174400.0
006 a|||||r|||| 00| 0
007 ta
008 260515s2024 nyu|||||r|||| 00| 0 eng d
020 _a9780063039605
040 _bspa
_cBJBSDDR
041 _aeng
050 _bB152r 2024
100 1 _aBaier, Bret,
_d1970-
_948485
245 1 0 _aTo rescue the Constitution :
_bGeorge Washington and the fragile American experiment /
_cBret Baier (Autor), Catherine Whitney (Autor).
260 _aNew York :
_bMariner Books,
_c2024
300 _axix, 360 pages :
_billustrations, map ;
_c21 cm
505 _aContenidos : Introduction: our common ground Prologue: where are the delegates? Part 1. The making of Washington A stroke of destiny The king's uniform Breaking point The colonies convene Part 2. The call of independence The command "Victory or death" Washington's crucible The final fight Part 3. Rescuing the constitution The unraveling union The scaffold of a republic We have a constitution The people decide Part 4. The living republic The first term The gift of a peaceful transition - Afterword: in their footsteps Appendix: Washington's farewell address
520 _aTo Rescue the Constitution by Bret Baier is a history of how George Washington helped guide the United States through its most fragile early years. It explains how the weak Articles of Confederation nearly caused the new nation to fail, and how Washington’s leadership at the Constitutional Convention helped create the U.S. Constitution. The book also shows how, as the first president, he set key precedents—like a strong but limited executive branch and peaceful transfer of power—that helped stabilize the young republic.
700 1 _aWhitney, Catherine,
_d1950-
_912637
942 _2lcc
_n0
_cBK
946 _illh
999 _c127118
_d127118